Restriction fragment length polymorphisms in polymerase chain reaction amplified ribosomal DNAs of three Trichogramma (Hymenoptera: Trichogrammatidae) species (Record no. 66903)

MARC details
000 -LEADER
fixed length control field 00545nam a2200181Ia 4500
100 ## - MAIN ENTRY--AUTHOR NAME
Personal name Sappal Navtej Pal
245 #0 - TITLE STATEMENT
Title Restriction fragment length polymorphisms in polymerase chain reaction amplified ribosomal DNAs of three Trichogramma (Hymenoptera: Trichogrammatidae) species
260 ## - PUBLICATION, DISTRIBUTION, ETC. (IMPRINT)
Name of publisher Genome
Year of publication 1995
300 ## - PHYSICAL DESCRIPTION
Number of Pages 419-425
650 ## - SUBJECT ADDED ENTRY--TOPICAL TERM
Topical Term PCR
650 ## - SUBJECT ADDED ENTRY--TOPICAL TERM
Topical Term rDNA
650 ## - SUBJECT ADDED ENTRY--TOPICAL TERM
Topical Term Trichogramma
700 ## - ADDED ENTRY--PERSONAL NAME
Personal name Hubbes Martin
700 ## - ADDED ENTRY--PERSONAL NAME
Personal name Jeng Robert S
700 ## - ADDED ENTRY--PERSONAL NAME
Personal name Liu Fuhua
942 ## - ADDED ENTRY ELEMENTS (KOHA)
Koha item type Journals
Holdings
Withdrawn status Lost status Damaged status Not for loan Home library Current library Shelving location Date acquired Serial Enumeration / chronology Koha item type
      Journals RRII Library RRII Library RFLP 18/10/1995 Volume 38, Issue 3 Journals